000 00629nam a2200181Ia 4500
008 090201s9999 xx 000 0 und d
010 _aKPL-67690
040 _bमराठी
041 _aमराठी
082 _a45354
_b67690
100 _aराम म्हैसाळकर
245 _aरवीन्द्र काव्याजंली
_cराम म्हैसाळकर
250 _a1
260 _c2005
_bभावना म्हैसाळकर प्रकाशन
300 _a318
_bमोठा
600 _aरवीन्द्र काव्याजंली
942 _cBOOK
999 _c242268
_d242268